|
|
|
|
| LEADER |
00000nas a22000007i 4500 |
| 001 |
ssj0001637117 |
| 003 |
WaSeSS |
| 005 |
20200512172242.0 |
| 006 |
m d |
| 007 |
cr n |
| 008 |
160125c20159999sw uu p s 0 0eng c |
| 010 |
|
|
|a 2016234711
|
| 016 |
7 |
|
|a 018910988
|2 Uk
|
| 022 |
|
|
|a 2002-0317
|l 2002-0317
|
| 035 |
|
|
|a (WaSeSS)ssj0001637117
|
| 040 |
|
|
|a STF
|b eng
|c STF
|d HUL
|d OCLCO
|d CUS
|d COO
|d IUL
|d OCLCF
|d OCLCO
|d OCLCQ
|d UKMGB
|d VT2
|d UAB
|d U3W
|d WaSeSS
|
| 042 |
|
|
|a msc
|
| 050 |
|
4 |
|a L46
|
| 222 |
|
0 |
|a Nordic journal of studies in educational policy
|
| 245 |
0 |
0 |
|a Nordic Journal of Studies in Educational Policy
|h [electronic resource].
|
| 246 |
1 |
|
|a NordSTEP
|
| 260 |
|
|
|a Järfälla, Sweden :
|b Co-Action Publishing,
|c 2015-
|
| 362 |
1 |
|
|a Began with 2015, Number 1.
|
| 506 |
|
|
|a License restrictions may limit access.
|
| 550 |
|
|
|a Sponsored by: Uppsala Universitet; University College of Southeast Norway; and Högskloan i Gävle.
|
| 588 |
|
|
|a Description based on: 2015, Number 1; (journal archive page, viewed March 15, 2015); title from caption.
|
| 588 |
|
|
|a Latest issue consulted: 2015, Number 3 (journal archive page, viewed March 15, 2015).
|
| 650 |
|
0 |
|a Education
|v Periodicals.
|
| 650 |
|
7 |
|a Education.
|2 fast
|0 (OCoLC)fst00902499
|
| 655 |
|
0 |
|a Electronic journals.
|
| 710 |
2 |
|
|a Uppsala universitet.
|
| 710 |
2 |
|
|a University College of Southeast Norway.
|
| 710 |
2 |
|
|a Högskolan i Gävle.
|
| 780 |
0 |
0 |
|t Studies in Educational Policy and Educational Philosophy
|x 1652-2729
|
| 856 |
4 |
0 |
|z Full text available from Research Library: 01/01/2015 to present
|u https://search.proquest.com/publication/3933394
|